Norma Chilena Oficial NCh 2151. Of2009
Guardat en:
| Autor corporatiu: | , |
|---|---|
| Format: | Llibre |
| Idioma: | espanyol |
| Publicat: |
Santiago
Instituto Nacional de Normalización
2009
|
| Edició: | 1a. ed |
| Matèries: | |
| Etiquetes: |
Afegir etiqueta
Sense etiquetes, Sigues el primer a etiquetar aquest registre!
|
MARC
| LEADER | 00000nam a2200000 a 4500 | ||
|---|---|---|---|
| 001 | UCG2025 | ||
| 003 | CL-VaPUC | ||
| 008 | 100603e20090000CL |||||||||||||||||spa|d | ||
| 082 | 0 | 4 | |a 691.1 |b INS |2 21 |
| 110 | 2 | |a Instituto Nacional de Normalización |e author |9 550228 | |
| 710 | 2 | |a INN |e author |9 550229 | |
| 245 | 1 | 0 | |a Norma Chilena Oficial NCh 2151. Of2009 |
| 246 | 1 | 0 | |a Madera laminada encolada estructural - vocabulario |
| 250 | |a 1a. ed | ||
| 300 | |a 5 p | ||
| 942 | |c BK | ||
| 945 | |d 20100603 00:00:00 |a dcastane | ||
| 260 | |a Santiago |b Instituto Nacional de Normalización |c 2009 | ||
| 650 | 0 | |a Madera |9 262357 | |
| 650 | 0 | |a Construcción |9 260195 | |
| 650 | 0 | |a Materiales de construcción |9 260197 | |
| 650 | 7 | |a NORMAS |2 CL-VaPUC |9 259606 | |
| 583 | |a last modification |c 20100603 00:00:00 |k Rodrigo Vera | ||
| 999 | |c 341268 |d 341266 | ||